| 000 | 00417nam a2200157Ia 4500 | ||
|---|---|---|---|
| 008 | 210716s2005 xx 000 0 und d | ||
| 020 | _a8120328256 | ||
| 041 | _aeng | ||
| 082 | _a658.8 KOTP | ||
| 100 | _aKotler, Philip;Armstrong, Gary. | ||
| 245 | _aPrinciples of marketing. | ||
| 250 | _a7 | ||
| 260 |
_aNew Delhi _bPrentice Hall of India PVt Ltd _c2005 |
||
| 300 | _axviii,712,I-22/1996 | ||
| 650 | _aMarketing | ||
| 999 |
_c198232 _d198232 |
||